000 01101nas a2200277 i 4500
001 438
003 ES-MaACL
005 20250217133748.0
007 t|
008 950801c1907 sp | | 1 ||pa d
080 _a460
245 0 0 _aBoletín de la industria y comercio del papel
_b: revista quincenal ilustrada.
260 _aMadrid :
_b[Boletín de la Industria y Comercio del Papel],
_c1907-1909.
300 _a11 v. ;
_c27 cm.
310 _aQuincenal
362 0 _aAño 1, n. 1 (en. 1907)-año 2, n. 47 (31 dic. 1908)
530 _aDisponible en formato digital.
650 1 4 _aIndustrias y profesiones varias
_913745
650 4 _aIndustria papelera.
_9165337
785 0 0 _aErgo
_b: revista de la producción incorporada al Boletín de la industria y comercio del papel
_d1909-
852 _aES-MaACL
_jHem-737
856 _uhttp://hemerotecadigital.bne.es/issn/2171-5971
_zHemeroteca Digital
856 _uhttp://hemerotecadigital.bne.es/issn/2171-598X
_zHemeroteca Digital
866 0 _o1907-09(1910f.n.87)1911(1912f.n.123)1913-15,1918-19(1920).
999 _c438
_d438